Statistics for Slovakia Or Slovenia

Click here to take the quiz!

General Stats

  • This quiz has been taken 25 times
  • The average score is 9 of 10

Answer Stats

HintAnswer% Correct
Which country has a coastline on the Adriatic SeaSlovenia
100%
Has a population of over 4 MillionSlovakia
92%
Has 7% of its population as being HungarianSlovakia
92%
Was originally part of the Great Moravian EmpireSlovakia
92%
Pop artist Andy Warhol's family migrated from hereSlovakia
92%
Paul Newman's mother was from hereSlovakia
92%
Has a higher percentage of its population as ChristiansSlovenia
92%
Has Robert Golob as Prime MinisterSlovenia
92%
Was originally part of YugoslaviaSlovenia
92%
Has the highest amount of casinos per 1000 people in the EUSlovenia
92%

Score Distribution

Percentile by Number Answered

Percent of People with Each Score

Your Score History

You have not taken this quiz